000 00772nam a2200229 a 4500
999 _c11586
_d11586
001 11586
003 BD-JhCC
005 20220807134021.0
008 200331b2020 bg |||| ||a| 000 0 ben d
020 _a9789848058909
035 _a(BD-JhCC)11586
040 _aBD-JhCC
_dBD-JhCC
041 _aben
082 _a891.4
_bIQB 2020
100 _aইকবাল, মুহম্মদ জাফর
245 _aবৈজ্ঞানিক কল্পকাহিনীঃ
_bপ্রজেক্ট আকাশলীন /
_cমুহম্মদ জাফর ইকবাল ।
260 _aঢাকা:
_bতাম্রলিপি;
_c২০২০.
300 _a207 p. :
_c22 cm.
650 _aBengali Science Fiction
942 _2ddc
_cBK
_09